000 00275nam a2200121Ia 4500
008 190216s9999||||xx |||||||||||||| ||und||
100 _aKurup K K N
245 2 _aA C Kannan Nair Orupadanam
260 _bBhasha Institute
300 _a232
650 _aPadanam
942 _cBK
999 _c40528
_d40528